000 00612nam a22002297a 4500
003 UA-OsUOA
001 62973
007 ta
008 20090915b un ||||| |||| 00| 0 ukr d
100 _aГреф Г.
700 _aЮдаева К.
090 _a330
_bГ80
942 _cSA
040 _aUA-OsUOA
_brus
_cUA-OsUOA
_dUA-OsUOA
245 _aРоссийская банковская система в условиях глобального кризиса
300 _aС.4-15
955 _a0
041 _arus
080 _a330
773 0 _w62972
650 7 _a330 Економіка взагалі
_2UDC
999 _c349062
_d349062